[Event "XXV OOM - Mistrzostwa Polski Juniorow Mlodszych - Dziewczeta do lat 14"]
[Site "Sielpia"]
[Date "1899-12-30"]
[Round "6.9"]
[White "Slusarczyk, Milena"]
[Black "Dallemura, Anna"]
[Result "1/2-1/2"]
[WhiteTitle "I+"]
[BlackTitle "I"]
[WhiteElo "1509"]
[BlackElo "1482"]

1. e4 e5 2. Nf3 Nc6 3. Bc4 Bc5 4. O-O Nf6 5. d3 d6 6. c3 a6 7. Bb3 Ba7 8. Nbd2
Be6 9. Bc2 Qe7 10. h3 h6 11. Re1 O-O-O 12. b4 g5 13. b5 Nb8 14. bxa6 Nxa6 15.
d4 Bd7 16. Ba3 Qe8 17. Nc4 Bb5 18. Na5 Bb6 19. Nb3 Bd7 20. Bd3 Nb8 21. d5 Qg8
22. c4 Ba4 23. Qc1 Bxb3 24. axb3 Nfd7 25. b4 Na6 26. c5 dxc5 27. Bxa6 cxb4 28.
Bxb7+ Kxb7 29. Bxb4 Qg6 30. Qc4 Ra8 31. Rac1 Kb8 32. d6 c5 33. Bxc5 Nxc5 34. Qb5
Qxd6 35. Red1 Qc7 36. Nxe5 Qxe5 37. Qxb6+ Nb7 38. Rb1 Qc7 39. Qb5 Ra7 40. Rd7
Qc8 41. Qe5+ Ka8 42. Rdxb7 Rxb7 43. Qa5+ Kb8 44. Qe5+ Ka8 45. Qa5+ Kb8 46. Qe5+
Ka8 47. Qa5+ Kb8 1/2-1/2

[Event "XXV OOM - Mistrzostwa Polski Juniorow Mlodszych - Dziewczeta do lat 14"]
[Site "Sielpia"]
[Date "1899-12-30"]
[Round "6.10"]
[White "Obrochta, Lena"]
[Black "Nowak, Roksana"]
[Result "1-0"]
[WhiteTitle "I+"]
[BlackTitle "I"]
[WhiteElo "1704"]
[BlackElo "1356"]

1. e4 e5 2. Nf3 Nc6 3. Bc4 Bc5 4. d3 d6 5. c3 a6 6. Bb3 Ba7 7. Be3 Bxe3 8. fxe3
Nf6 9. O-O h6 10. Nbd2 Qe7 11. Kh1 Bd7 12. a4 O-O-O 13. Bc4 Be6 14. b4 Na7 15.
Qc2 g5 16. Nb3 g4 17. Ng1 Nh5 18. b5 Qh4 19. Ne2 g3 20. Bxe6+ fxe6 21. h3 Rhf8
22. Nd2 Qg5 23. Nf3 Qxe3 24. Rae1 Qb6 25. c4 c5 26. a5 Qxa5 27. Ra1 Qb6 28. bxa6
bxa6 29. Rfb1 Qc6 30. Ra3 Kd7 31. Rba1 Qc7 32. Rxa6 Nc6 33. Qa4 Rb8 34. Nc3 Rb4
35. Qd1 Nf4 36. Nb5 Qd8 37. Na7 Nb8 38. R6a2 Qb6 39. Nb5 Nc6 40. Nh4 Rg8 41. Nf3
Rf8 42. Kg1 Qd8 43. Na7 Qc7 44. Nxc6 Qxc6 45. Ra7+ Rb7 46. R1a6 Qc7 47. Qa4+ Kd8
48. Rxb7 Qxb7 49. Ra8+ Ke7 50. Ra7 Rb8 51. Qa6 1-0

[Event "XXV OOM - Mistrzostwa Polski Juniorow Mlodszych - Dziewczeta do lat 14"]
[Site "Sielpia"]
[Date "1899-12-30"]
[Round "6.11"]
[White "Hals, Emilia"]
[Black "Jedrzejko, Martyna"]
[Result "1/2-1/2"]
[WhiteTitle "I"]
[BlackTitle "I"]
[WhiteElo "1293"]
[BlackElo "1466"]

1. e4 e6 2. d4 d5 3. exd5 exd5 4. Be2 Bd6 5. Nf3 Nf6 6. O-O O-O 7. Bg5 Nbd7 8.
Nc3 c6 9. Re1 Re8 10. Qd2 Qc7 11. h3 h6 12. Be3 Ne4 13. Qd3 Ndf6 14. Nd2 Bf5 15.
Ndxe4 Nxe4 16. Nxe4 Bxe4 17. Qd2 Bf5 18. Bd3 Bxd3 19. Qxd3 Re6 20. Bd2 Rae8 21.
Rxe6 Rxe6 22. Re1 Rxe1+ 23. Bxe1 Qb6 24. Bc3 Bb4 25. a3 Bd6 26. Qe2 Kf8 27. Qg4
Qc7 28. Kf1 Be7 29. Bd2 Bd6 30. Bc3 Be7 31. Bd2 1/2-1/2

[Event "XXV OOM - Mistrzostwa Polski Juniorow Mlodszych - Dziewczeta do lat 14"]
[Site "Sielpia"]
[Date "1899-12-30"]
[Round "6.12"]
[White "Anyz, Monika"]
[Black "Garbowska, Maja"]
[Result "1-0"]
[WhiteTitle "I+"]
[BlackTitle "I"]
[WhiteElo "1424"]
[BlackElo "1293"]

1. e4 e5 2. Nf3 Nc6 3. d4 exd4 4. Nxd4 Bc5 5. Be3 Qf6 6. c3 Nge7 7. Bc4 Ne5 8.
Be2 Qg6 9. O-O d6 10. Nd2 Bh3 11. Bf3 O-O 12. Kh1 Nxf3 13. Qxf3 Bd7 14. N2b3 Bb6
15. Rfe1 Rfe8 16. Bf4 Rad8 17. Rad1 Bg4 18. Qd3 Bxd1 19. Qxd1 Kh8 20. g4 Nc6 21.
f3 Nxd4 22. cxd4 c6 23. Qd2 f6 24. h4 d5 25. h5 Qf7 26. Qf2 dxe4 27. fxe4 Qd7
28. h6 gxh6 29. Bxh6 Bxd4 30. Nxd4 Qxd4 31. Qf5 Qe5 32. Qf3 Rd4 33. Kg1 Rxe4 34.
Rxe4 Qc5+ 35. Be3 Qf8 36. Rxe8 Qxe8 37. Qxf6+ Kg8 38. Qg5+ Kf7 39. Qh5+ Ke7 40.
Qxe8+ Kxe8 41. Bxa7 Kd7 42. Bd4 Ke6 43. Kg2 Kd5 44. Bc3 Ke4 45. Kg3 Ke3 46. Kh4
Kf4 47. Kh5 Kg3 48. g5 Kf4 49. Kh6 Kf5 50. Bf6 Ke6 51. Kxh7 Kf7 52. Bc3 Ke8 53.
g6 Ke7 54. g7 1-0

[Event "XXV OOM - Mistrzostwa Polski Juniorow Mlodszych - Dziewczeta do lat 14"]
[Site "Sielpia"]
[Date "1899-12-30"]
[Round "6.13"]
[White "Gaczol, Julia"]
[Black "Pietrzak, Emilia"]
[Result "1/2-1/2"]
[WhiteTitle "I"]
[BlackTitle "I"]
[WhiteElo "1394"]
[BlackElo "1230"]

1. e4 c5 2. Nf3 e6 3. d4 cxd4 4. Nxd4 Nf6 5. Nc3 d6 6. g4 h6 7. g5 hxg5 8. Bxg5
Be7 9. h4 Nc6 10. Qd2 Nxd4 11. Qxd4 Qb6 12. Qxb6 axb6 13. O-O-O Bd7 14. Be2 Bc6
15. f3 Nd7 16. Bf4 e5 17. Bg3 Nf6 18. Bf2 Nd7 19. a3 O-O 20. Rdg1 Rfc8 21. Rh2
Nc5 22. Rhg2 Bf8 23. Be3 Kh7 24. Bc4 Rc7 25. Nd5 Bxd5 26. Bxd5 Nd3+ 27. Kb1 Nc5
28. f4 exf4 29. Bxf4 Re8 30. Re2 f5 31. e5 dxe5 32. Rxe5 Rxe5 33. Bxe5 Re7 34.
Bd6 Re8 35. Bxf8 Rxf8 36. b4 Rd8 37. Bf3 Ne4 38. Bxe4 fxe4 39. Re1 Re8 40. Kc1
Kh6 41. Kd2 Kh5 42. Rg1 Re7 43. Rh1 e3+ 44. Ke2 g6 45. c3 Re4 46. Rh3 Kg4 47.
Rh1 Re6 48. a4 Re5 49. Rg1+ Kh5 50. Rh1 Re6 51. Rh2 Kg4 52. Rh1 Kg3 53. h5 Kg2
54. Rh4 Kg3 55. Rh1 Kg2 1/2-1/2

[Event "XXV OOM - Mistrzostwa Polski Juniorow Mlodszych - Dziewczeta do lat 14"]
[Site "Sielpia"]
[Date "1899-12-30"]
[Round "6.14"]
[White "Miranowska, Anna"]
[Black "Pacho, Maria"]
[Result "1-0"]
[WhiteTitle "I"]
[BlackTitle "II"]
[WhiteElo "1331"]
[BlackElo "1166"]

1. d4 Nf6 2. c4 g6 3. Nc3 Bg7 4. e4 d6 5. f4 O-O 6. Nf3 Nbd7 7. Bd3 e5 8. fxe5
dxe5 9. d5 Re8 10. O-O a5 11. h3 Nc5 12. Bc2 Bd7 13. Be3 Na6 14. a3 Nh5 15. Qe1
Qc8 16. Qf2 f5 17. exf5 Bxf5 18. Bxf5 gxf5 19. Qh4 Nf6 20. Bh6 Qd7 21. Rae1 e4
22. Ng5 Nc5 23. Bxg7 Kxg7 24. Re3 h6 25. Rg3 Rh8 1-0

[Event "XXV OOM - Mistrzostwa Polski Juniorow Mlodszych - Dziewczeta do lat 14"]
[Site "Sielpia"]
[Date "1899-12-30"]
[Round "6.15"]
[White "Bukala, Weronika"]
[Black "Czerwinska, Oliwia"]
[Result "1-0"]
[WhiteTitle "I"]
[BlackTitle "I"]
[WhiteElo "1234"]
[BlackElo "1303"]

1. d4 d5 2. c4 c6 3. Nc3 Nf6 4. Bg5 e6 5. cxd5 exd5 6. e3 Be7 7. Bxf6 Bxf6 8. Nf3
O-O 9. Bd3 g6 10. O-O Be6 11. b4 a6 12. a4 Nd7 13. Qb3 b5 14. Ra2 Qc7 15. Rfa1
Nb6 16. Qc2 Qb7 17. h3 Rfb8 18. axb5 axb5 19. Rxa8 Rxa8 20. Rxa8+ Qxa8 21. e4
Be7 22. Qb2 Nc4 23. Bxc4 bxc4 24. exd5 cxd5 25. b5 Qb7 26. Ne5 Bd6 27. Nf3 Be7
28. Ne5 Bd6 29. Nf3 Be7 30. Nd2 Bf6 31. Nf3 Be7 32. Nd2 Bf6 33. Nf3 Be7 34. Ne5
Bd6 35. Nf3 Be7 36. Ne5 Bd6 37. Ng4 Qb6 38. Nf6+ Kg7 39. Ne8+ Kf8 40. Nxd6 Qxd6
41. b6 Ke7 42. b7 Qb8 43. Qa3+ Kd7 44. Qa8 Kc7 45. Nb5+ Kb6 46. Qxb8 Kxb5 47.
Qc7 Kb4 48. b8=Q+ Kc3 49. Qg3+ Kc2 50. Qa8 c3 51. Qa2+ Kd1 52. Qd3+ Kc1 53. Qf1#
1-0

[Event "XXV OOM - Mistrzostwa Polski Juniorow Mlodszych - Dziewczeta do lat 14"]
[Site "Sielpia"]
[Date "1899-12-30"]
[Round "6.16"]
[White "Szczotka, Matylda"]
[Black "Trybus, Dominika"]
[Result "1-0"]
[WhiteTitle "I"]
[BlackTitle "II+"]
[WhiteElo "1301"]
[BlackElo "1219"]

1. e4 Nf6 2. e5 Nd5 3. d4 d6 4. c4 Nb6 5. exd6 cxd6 6. Nc3 g6 7. h4 Bg7 8. h5 Bf5
9. Be3 Qd7 10. Be2 Qc7 11. Rc1 gxh5 12. Rxh5 Bg6 13. Rh1 Nc6 14. Nf3 Rg8 15. b3
Qd7 16. Bd3 Qg4 17. Bf1 O-O-O 18. Nd5 e5 19. Nxb6+ axb6 20. Rh4 Qf5 21. d5 Nb4
22. Bxb6 Rde8 23. Qd2 e4 24. Qxb4 exf3+ 25. Be3 Qe5 26. gxf3 Qb2 27. Qd2 Qf6 28.
Rh3 Bf5 29. Rh1 Bh6 30. c5 Kb8 31. c6 Bxe3 32. fxe3 Qg5 33. e4 Qg3+ 34. Qf2 Qf4
35. Rc4 Bxe4 36. Be2 Qe5 37. fxe4 Qa1+ 38. Bd1 Re7 39. c7+ Kc8 40. Rxh7 Rxe4+
41. Rxe4 Qc3+ 42. Kf1 Qd3+ 43. Qe2 Qg3 44. Re8+ Rxe8 45. Qxe8+ Kxc7 46. Rxf7+
Kb6 47. Qd8+ Kc5 48. Qa5+ Kd4 49. Qb4+ Kxd5 50. Bf3+ Ke5 51. Qe4# 1-0

[Event "XXV OOM - Mistrzostwa Polski Juniorow Mlodszych - Dziewczeta do lat 14"]
[Site "Sielpia"]
[Date "1899-12-30"]
[Round "6.17"]
[White "Grzyb, Anna"]
[Black "Arciszewska, Zuzanna"]
[Result "0-1"]
[WhiteTitle "I"]
[BlackTitle "I"]
[WhiteElo "1266"]
[BlackElo "1370"]

1. d4 Nf6 2. Bg5 d5 3. e3 e6 4. c4 dxc4 5. Bxc4 Nbd7 6. Nf3 Be7 7. Nc3 O-O 8. O-O
b6 9. Rc1 Bb7 10. Be2 c5 11. Qb3 cxd4 12. Nxd4 Nc5 13. Qc2 Nfe4 14. Bxe7 Qxe7
15. Bf3 Nxc3 16. Qxc3 Rac8 17. Qa3 Bxf3 18. Nxf3 Rfd8 19. Rc3 Qb7 20. h3 Ne4 21.
Rd3 h6 22. Rfd1 Rxd3 23. Qxd3 Nc5 24. Qd6 Ne4 25. Qd3 Qc6 26. Nd4 Qd5 27. a3 Nc5
28. Qc3 e5 29. b4 exd4 30. Rxd4 Qf5 31. bxc5 Rxc5 32. Rd8+ Kh7 33. Qd3 Qxd3 34.
Rxd3 a5 35. Kf1 f6 36. Ke2 Kg6 37. Kd2 b5 38. Rc3 Rg5 39. g4 h5 40. f4 Rd5+ 41.
Rd3 Rxd3+ 42. Kxd3 hxg4 43. hxg4 f5 44. g5 Kh5 45. Kd4 Kg4 46. e4 fxe4 47. Kxe4
b4 48. axb4 axb4 49. g6 b3 50. Kd3 Kxf4 51. Kc3 Kg5 52. Kxb3 Kxg6 53. Kc2 Kf5
54. Kd2 Kf4 55. Ke2 Kg3 56. Kf1 Kh2 57. Kf2 g5 58. Kf3 Kh3 59. Kf2 g4 60. Kg1
Kg3 0-1

[Event "XXV OOM - Mistrzostwa Polski Juniorow Mlodszych - Dziewczeta do lat 14"]
[Site "Sielpia"]
[Date "1899-12-30"]
[Round "6.18"]
[White "Olszewska, Wiktoria"]
[Black "Straczek, Wiktoria"]
[Result "1/2-1/2"]
[WhiteTitle "I"]
[BlackTitle "I"]
[WhiteElo "1306"]
[BlackElo "1257"]

1. e4 c5 2. Nf3 Nc6 3. d4 cxd4 4. Nxd4 g6 5. Nc3 Bg7 6. Be3 Nf6 7. f3 O-O 8. Qd2
d5 9. exd5 Nxd5 10. Nxd5 Nxd4 11. Bxd4 Qxd5 12. Bxg7 Qxd2+ 13. Kxd2 Kxg7 14. Bd3
Rd8 15. Ke2 Kf6 16. Rad1 Bf5 17. Ke3 Rac8 18. c3 Rxd3+ 19. Rxd3 Bxd3 20. Kxd3
Rd8+ 21. Ke2 Kf5 22. Rd1 Rxd1 23. Kxd1 h5 24. g3 g5 25. Ke2 e5 26. a4 g4 27. b4
Ke6 28. c4 f5 29. Ke3 Kd6 30. f4 e4 31. Kd4 b6 32. b5 Kd7 33. Ke3 Ke6 34. Ke2
Kd6 35. Kd2 Kc5 36. Kc3 e3 37. Kd3 e2 38. Kxe2 Kxc4 39. Ke3 Kc5 40. Kd3 Kd5 41.
Kd2 Kd4 42. Ke2 Ke4 43. Kf2 Kd3 44. Ke1 Ke3 45. Kf1 Kf3 46. Kg1 Ke2 47. Kg2 Ke3
48. Kf1 Kd2 49. Kf2 Kd3 50. Ke1 Ke3 51. Kf1 1/2-1/2

[Event "XXV OOM - Mistrzostwa Polski Juniorow Mlodszych - Dziewczeta do lat 14"]
[Site "Sielpia"]
[Date "1899-12-30"]
[Round "6.19"]
[White "Lajdamik, Anna"]
[Black "Walendykiewicz, Martyna"]
[Result "0-1"]
[WhiteTitle "I"]
[BlackTitle "I"]
[WhiteElo "1279"]
[BlackElo "1175"]

1. e4 e5 2. d4 exd4 3. c3 dxc3 4. Nxc3 d6 5. Nf3 Nc6 6. Bc4 Be7 7. O-O Nf6 8. Ng5
O-O 9. f4 h6 10. Nf3 Bg4 11. h3 Be6 12. Be2 a6 13. f5 Bc8 14. g4 Nh7 15. Qe1 Ne5
16. Nxe5 dxe5 17. Be3 Bh4 18. Bf2 Bxf2+ 19. Rxf2 Qh4 20. Rd1 Ng5 21. Bf1 Qg3+
22. Kh1 Nxh3 23. Bxh3 Qxh3+ 24. Rh2 Qxg4 25. Rdd2 Kh7 26. Rdg2 Qf3 27. Qh4 f6
28. Nd5 Bxf5 29. Nc3 Bg6 30. Kg1 Qe3+ 31. Kh1 Qf4 32. Qe1 Rad8 33. Rg3 Rd4 34.
Ne2 Qxe4+ 35. Rhg2 Qh4+ 36. Kg1 Rg4 37. Rxg4 Qxe1+ 38. Kh2 Qb1 39. Nc3 Qf5 40.
b4 Rf7 41. b5 Bh5 42. R4g3 e4 0-1

[Event "XXV OOM - Mistrzostwa Polski Juniorow Mlodszych - Dziewczeta do lat 14"]
[Site "Sielpia"]
[Date "1899-12-30"]
[Round "6.20"]
[White "Kulpa, Karolina"]
[Black "Bychowska, Marta"]
[Result "0-1"]
[WhiteTitle "I"]
[BlackTitle "II"]
[WhiteElo "1381"]
[BlackElo "1235"]

1. d4 c5 2. d5 e5 3. e4 d6 4. Nc3 Be7 5. Be2 Nf6 6. Nf3 O-O 7. h3 Nbd7 8. Be3 Ne8
9. O-O Ndf6 10. Nd2 Kh8 11. Nc4 Ng8 12. f4 exf4 13. Bxf4 Bg5 14. Qd2 Bxf4 15.
Rxf4 a6 16. a4 g6 17. Raf1 f5 18. Bd3 Ng7 19. Qf2 g5 20. Rf3 f4 21. h4 Bg4 22.
hxg5 Bxf3 23. Qxf3 Qxg5 24. Nxd6 Qe7 25. Nc4 Rab8 26. Qh3 Qg5 27. e5 Qh5 28. Qxh5
Nxh5 29. a5 Ne7 30. Re1 f3 31. Rf1 fxg2 32. Rxf8+ Rxf8 33. d6 Nc6 34. Be4 Nf4
35. Nd5 Ne6 36. Nf6 Nxe5 37. Nxe5 Rxf6 38. Kxg2 Nd8 39. Nc4 Rf7 40. Bd5 Rd7 41.
Be4 Nf7 42. Bf5 Nxd6 43. Bxd7 Nxc4 44. Kf3 Ne5+ 45. Ke4 Nxd7 46. Kd5 h5 47. Kd6
h4 48. Kxd7 h3 49. Kc7 h2 0-1

[Event "XXV OOM - Mistrzostwa Polski Juniorow Mlodszych - Dziewczeta do lat 14"]
[Site "Sielpia"]
[Date "1899-12-30"]
[Round "6.21"]
[White "Kot, Marta"]
[Black "Uliasz, Katarzyna"]
[Result "0-1"]
[WhiteTitle "II"]
[BlackTitle "I"]
[WhiteElo "1218"]
[BlackElo "1270"]

1. e4 c5 2. Nf3 Nc6 3. d4 cxd4 4. Nxd4 g6 5. Nc3 Bg7 6. Be3 Nf6 7. f3 O-O 8. Qd2
d5 9. O-O-O dxe4 10. Nxc6 Qxd2+ 11. Rxd2 bxc6 12. fxe4 Ng4 13. Nd1 Nxe3 14. Nxe3
Rb8 15. c3 Be6 16. a3 Bh6 17. Re2 Rfd8 18. Re1 Bb3 19. Ba6 Rb6 20. Kb1 Rxa6 21.
Ng4 Bg7 22. Rhf1 Be6 23. Ne3 Rb6 24. Ka1 Rd2 25. Rb1 Bxc3 26. Nd1 Be5 27. h3 Rb3
28. Rf3 Rxg2 29. Rxb3 Bxb3 30. Ne3 Rg3 31. Ng4 Bd4 32. Nh2 Bc2 33. Ka2 Bxb1+ 34.
Kxb1 Rg1+ 35. Ka2 Rg2 36. Ng4 h5 37. Nh6+ Kg7 38. Nf5+ gxf5 39. exf5 Rxb2+ 40.
Ka1 Rh2+ 41. Kb1 Bb6 42. Kc1 Kf6 43. Kd1 Kxf5 44. Ke1 Ke4 45. a4 a5 46. Kf1 Kf3
47. Ke1 h4 48. Kd1 Ke3 49. Kc1 Kd3 50. Kb1 Kc3 51. Ka1 Kb3 52. Kb1 Rh1# 0-1

[Event "XXV OOM - Mistrzostwa Polski Juniorow Mlodszych - Dziewczeta do lat 14"]
[Site "Sielpia"]
[Date "1899-12-30"]
[Round "6.22"]
[White "Franek, Diana"]
[Black "Reszka, Zofia"]
[Result "1/2-1/2"]
[WhiteTitle "II"]
[BlackTitle "I"]
[WhiteElo "1256"]
[BlackElo "1199"]

1. e4 e5 2. Nf3 Nc6 3. Bc4 Nf6 4. d3 Be7 5. Nc3 d6 6. h3 Na5 7. Bb3 O-O 8. d4 Nxb3
9. axb3 exd4 10. Nxd4 Re8 11. O-O c6 12. Qf3 Nd7 13. Qg3 Ne5 14. f4 Ng6 15. Be3
Qc7 16. f5 Ne5 17. f6 Bf8 18. fxg7 Bxg7 19. Nf5 f6 20. Bh6 Bxf5 21. exf5 Kh8 22.
Bxg7+ Qxg7 23. Qxg7+ Kxg7 24. Rfd1 d5 25. Kf2 a6 26. Na4 Nd7 27. Re1 Re5 28. g4
Rae8 29. Rad1 Kf7 30. b4 h5 31. Nc5 Nxc5 32. bxc5 hxg4 33. hxg4 Re4 34. Rxe4 Rxe4
35. Kf3 Rc4 36. Rh1 Rxc5 37. Rh7+ Kf8 38. c3 Rb5 39. b4 b6 40. Ra7 a5 41. g5 fxg5
42. Kg4 axb4 43. cxb4 Rxb4+ 44. Kxg5 Re4 45. Kf6 Re8 46. Rf7+ Kg8 47. Kg6 Re1
48. Rg7+ Kf8 49. Kf6 Re8 50. Rh7 Kg8 51. Rg7+ Kh8 52. Kf7 Ra8 53. Rg6 Ra7+ 54.
Kf8 Kh7 55. Rxc6 Ra8+ 56. Ke7 Ra7+ 57. Ke6 Kg7 58. Rxb6 Rf7 59. Rd6 Rf6+ 60. Ke5
Rxd6 61. Kxd6 Kf6 1/2-1/2

[Event "XXV OOM - Mistrzostwa Polski Juniorow Mlodszych - Dziewczeta do lat 14"]
[Site "Sielpia"]
[Date "1899-12-30"]
[Round "6.23"]
[White "Szewc, Dobromila"]
[Black "Baran, Dagmara"]
[Result "0-1"]
[WhiteTitle "I"]
[BlackTitle "I"]
[WhiteElo "1036"]
[BlackElo "1244"]

1. f4 e6 2. Nf3 Nf6 3. g3 d5 4. Bg2 Bd6 5. O-O c5 6. d3 O-O 7. Qe1 Nc6 8. e4 dxe4
9. dxe4 e5 10. f5 Nd4 11. Nxd4 cxd4 12. c3 Bc5 13. Kh1 Qb6 14. cxd4 Bxd4 15. Nc3
Bd7 16. Qe2 Rac8 17. Nd1 Bb5 18. Qe1 Bxf1 19. Qxf1 Rc2 20. Rb1 Rfc8 21. Bg5 h6
22. Bxf6 Qxf6 23. Qe1 Rc1 24. Rxc1 Rxc1 25. Qd2 Qg5 26. Qe2 Qe3 27. Qf1 Qd2 28.
Bf3 Rc2 29. Bg2 Qe2 30. Qxe2 Rxe2 31. h4 Re1+ 32. Kh2 Rxd1 33. Bf3 Rd2+ 34. Kh3
Rxb2 35. a3 Ra2 36. a4 Rxa4 37. g4 Ra3 38. Kg2 Rxf3 39. Kxf3 a5 0-1

[Event "XXV OOM - Mistrzostwa Polski Juniorow Mlodszych - Dziewczeta do lat 14"]
[Site "Sielpia"]
[Date "1899-12-30"]
[Round "6.24"]
[White "Matusik, Zuzanna"]
[Black "Maslewska, Anna"]
[Result "1-0"]
[WhiteTitle "I"]
[BlackTitle "I"]
[WhiteElo "1226"]
[BlackElo "1117"]

1. e4 e5 2. Nf3 Nc6 3. Bc4 Nf6 4. d3 h6 5. c3 d6 6. Nbd2 Bg4 7. Nf1 Be7 8. Ng3
O-O 9. O-O Na5 10. Bb5 Bd7 11. Bxd7 Qxd7 12. Nf5 Kh7 13. N3h4 Ng8 14. Qf3 g6 15.
Nxe7 Qxe7 16. Qh3 Nc6 17. f4 exf4 18. Bxf4 g5 19. Nf5 Qf6 20. Be3 Nce7 21. Bd4
Qe6 22. Be3 Qf6 23. Rf2 Nxf5 24. Rxf5 Qe6 25. Bxg5 f6 26. Raf1 Qxa2 27. Bxh6 Nxh6
28. Rh5 Kg7 29. Rxh6 Kf7 30. Qd7+ Kg8 31. Qh7# 1-0

[Event "XXV OOM - Mistrzostwa Polski Juniorow Mlodszych - Dziewczeta do lat 14"]
[Site "Sielpia"]
[Date "1899-12-30"]
[Round "6.25"]
[White "Sivickis, Kornelia"]
[Black "Scisla, Oliwia"]
[Result "0-1"]
[WhiteTitle "I"]
[BlackTitle "I++"]
[WhiteElo "1209"]
[BlackElo "1413"]

1. e4 c6 2. d4 d5 3. Nc3 dxe4 4. Nxe4 Bf5 5. Ng3 Bg6 6. h4 h6 7. h5 Bh7 8. Nf3
Nd7 9. Bd3 Bxd3 10. Qxd3 Ngf6 11. Bd2 e6 12. O-O-O Qc7 13. Kb1 O-O-O 14. Qb3 c5
15. Be3 c4 16. Qc3 Nd5 17. Qe1 c3 18. b3 b5 19. Qe2 Qa5 20. Ne4 f5 21. Nc5 Bxc5
22. dxc5 Nb4 23. a4 bxa4 24. Qc4 axb3 25. Qxb3 e5 26. g3 e4 27. Ng1 Nxc5 28. Rxd8+
Rxd8 29. Qxc3 Rd1+ 30. Bc1 Qa2# 0-1

[Event "XXV OOM - Mistrzostwa Polski Juniorow Mlodszych - Dziewczeta do lat 14"]
[Site "Sielpia"]
[Date "1899-12-30"]
[Round "6.26"]
[White "Retz, Agnieszka"]
[Black "Kaznowska, Kinga"]
[Result "1-0"]
[WhiteTitle "II+"]
[BlackTitle "II+"]
[WhiteElo "1263"]
[BlackElo "1037"]

1. e4 Nf6 2. e5 Nd5 3. d4 d6 4. c4 Nb6 5. exd6 cxd6 6. Nc3 g6 7. Be3 Bg7 8. Rc1
Nc6 9. d5 Ne5 10. b3 Bd7 11. Be2 Rc8 12. f4 Bh6 13. Qd4 Bg7 14. fxe5 Bxe5 15.
Qd2 Bg7 16. Bf3 Rb8 17. Nge2 a6 18. O-O O-O 19. Ng3 Re8 20. Qf2 Nc8 21. Nce4 e6
22. dxe6 Bxe6 23. Ng5 Bf8 24. Nxe6 fxe6 25. Bg4 Qe7 26. Bg5 Qd7 27. Rce1 Bg7 28.
Bf6 Qf7 29. Bxg7 Qxf2+ 30. Rxf2 Kxg7 31. Rxe6 Rxe6 32. Bxe6 Kh8 33. Rf8+ Kg7 34.
Rxc8 Rxc8 35. Bxc8 Kf6 36. Bxb7 a5 37. a3 Ke7 38. b4 Kd7 39. bxa5 Kc7 40. a6 Kb6
41. Ne4 Ka7 42. Nxd6 Kb8 43. c5 Ka7 44. c6 h5 45. c7 h4 46. c8=Q h3 47. Qc5+ Kb8
48. a7# 1-0

[Event "XXV OOM - Mistrzostwa Polski Juniorow Mlodszych - Dziewczeta do lat 14"]
[Site "Sielpia"]
[Date "1899-12-30"]
[Round "7.1"]
[White "Wikar, Martyna"]
[Black "Zabrzanska, Weronika"]
[Result "1/2-1/2"]
[WhiteTitle "k"]
[BlackTitle "I++"]
[WhiteElo "2044"]
[BlackElo "1763"]

1. Nf3 d5 2. g3 e6 3. Bg2 Nf6 4. d3 Be7 5. O-O O-O 6. Nbd2 c5 7. e4 Nc6 8. e5 Nd7
9. Re1 Qc7 10. Qe2 a6 11. Nf1 b5 12. h4 d4 13. Bf4 Nb6 14. Ng5 Bxg5 15. Bxg5 Bb7
16. Nd2 Ne7 17. Ne4 Ng6 18. Qh5 Bxe4 19. Bxe4 Rae8 20. Bd2 Nd7 21. f4 f5 22. exf6
Nxf6 23. Qf3 Nxe4 24. Rxe4 Qd6 25. Rae1 Rf7 26. Kh2 Qd5 27. Qe2 Rfe7 28. b3 h5
29. Qg2 Qf5 30. Qh3 Kf7 31. R1e2 b4 32. Rf2 a5 33. Qg2 Kg8 34. Re1 Qd5 35. Qe4
Nf8 36. Qxd5 exd5 37. Rxe7 Rxe7 38. g4 hxg4 39. Kg3 Kf7 40. Kxg4 Nd7 41. Kg5 Nf6
1/2-1/2

[Event "XXV OOM - Mistrzostwa Polski Juniorow Mlodszych - Dziewczeta do lat 14"]
[Site "Sielpia"]
[Date "1899-12-30"]
[Round "7.2"]
[White "Goraj, Barbara"]
[Black "Barwinska, Ewa"]
[Result "0-1"]
[WhiteTitle "I++"]
[BlackTitle "I++"]
[WhiteElo "1824"]
[BlackElo "1622"]

1. e4 c5 2. Nf3 d6 3. d4 cxd4 4. Nxd4 Nf6 5. Nc3 a6 6. h3 e5 7. Nb3 Be6 8. f4 Qc7
9. g4 h6 10. Be3 Nbd7 11. Qe2 b5 12. O-O-O Be7 13. Rg1 Nb6 14. Kb1 b4 15. g5 bxc3
16. gxf6 Bxf6 17. f5 Bc4 18. Qf2 Nc8 19. Bd3 cxb2 20. Qe2 Bxd3 21. Qxd3 Ke7 22.
c4 Rd8 23. Rg2 Bg5 24. Bxg5+ hxg5 25. Rxg5 Nb6 26. Rxg7 Qxc4 27. Qe3 Na4 28. f6+
Kd7 29. Rd5 Qf1+ 30. Nc1 bxc1=R+ 31. Qxc1 Rab8+ 0-1

[Event "XXV OOM - Mistrzostwa Polski Juniorow Mlodszych - Dziewczeta do lat 14"]
[Site "Sielpia"]
[Date "1899-12-30"]
[Round "7.3"]
[White "Kucharska, Helena"]
[Black "Starosta, Martyna"]
[Result "1/2-1/2"]
[WhiteTitle "I"]
[BlackTitle "WCM"]
[WhiteElo "1385"]
[BlackElo "1672"]

1. d4 Nf6 2. Nf3 g6 3. e3 Bg7 4. Bd3 c5 5. Nbd2 d5 6. b3 Nc6 7. a3 O-O 8. Bb2 Qc7
9. O-O Rd8 10. Qe2 b6 11. Rac1 Bb7 12. Ba6 Bxa6 13. Qxa6 Ne4 14. Qe2 f5 15. Nxe4
fxe4 16. Ng5 Qd7 17. Rfd1 Qf5 18. f4 Na5 19. g4 Qf6 20. Rb1 c4 21. Bc3 cxb3 22.
cxb3 Nb7 23. Rf1 Rac8 24. Rbc1 Nd6 25. a4 e6 26. Nh3 Bf8 27. g5 Qf7 28. Nf2 Nf5
29. Ng4 Bg7 30. b4 Rc4 31. Bd2 Rdc8 32. Rxc4 Rxc4 33. Rc1 Rxc1+ 34. Bxc1 Qc7 35.
Qd2 Qc4 36. Kf2 Nh4 37. Qb2 Nf3 38. h3 Nxd4 39. Nf6+ Bxf6 40. gxf6 Nb3 41. Bd2
Nxd2 42. Qxd2 Kf7 43. a5 Kxf6 44. axb6 axb6 45. Qb2+ Kf7 46. Qh8 Qc2+ 47. Kg3
Qd3 48. Qxh7+ Kf8 49. Qh6+ Ke7 50. Qg7+ Kd8 51. Qf8+ Kc7 52. Qe7+ Kc6 53. Qe8+
Kb7 54. Qd7+ Ka6 55. Qa4+ Kb7 56. Qd7+ Ka6 57. Qa4+ Kb7 58. Qd7+ Ka6 1/2-1/2

[Event "XXV OOM - Mistrzostwa Polski Juniorow Mlodszych - Dziewczeta do lat 14"]
[Site "Sielpia"]
[Date "1899-12-30"]
[Round "7.4"]
[White "Rejniak, Zuzanna"]
[Black "Lukasik, Zuzanna"]
[Result "1/2-1/2"]
[WhiteTitle "k"]
[BlackTitle "I++"]
[WhiteElo "1904"]
[BlackElo "1618"]

1. e4 c5 2. Nf3 e6 3. d4 cxd4 4. Nxd4 a6 5. Bd3 Nf6 6. Qe2 d6 7. O-O g6 8. c4 b6
9. Nc3 Bb7 10. Rd1 Bg7 11. h3 O-O 12. Be3 Qc7 13. Rac1 Nbd7 14. b4 Rfc8 15. Nf3
Qb8 16. Bb1 Ne8 17. Bf4 e5 18. Be3 Qc7 19. Nd5 Bxd5 20. cxd5 Qb7 21. Bd3 b5 22.
Rxc8 Qxc8 23. Rc1 Qb7 24. Rc6 Rc8 25. Qc2 Rc7 26. Rxc7 Qxc7 27. a4 Qxc2 28. Bxc2
Nc7 29. Nd2 Kf8 30. a5 Ke7 31. f3 1/2-1/2

[Event "XXV OOM - Mistrzostwa Polski Juniorow Mlodszych - Dziewczeta do lat 14"]
[Site "Sielpia"]
[Date "1899-12-30"]
[Round "7.5"]
[White "Krzyzosiak, Anna"]
[Black "Hertlein, Irena"]
[Result "1-0"]
[WhiteTitle "I++"]
[BlackTitle "I+"]
[WhiteElo "1528"]
[BlackElo "1713"]

1. e4 c5 2. Nf3 a6 3. c3 e6 4. d4 d5 5. exd5 exd5 6. Be2 h6 7. O-O Nf6 8. h3 Nc6
9. Be3 c4 10. Nbd2 Bd6 11. Re1 O-O 12. Qc1 Bc7 13. Nf1 Qd6 14. Ng3 Re8 15. Bd1
Ne4 16. Nh5 g5 17. h4 f6 18. hxg5 hxg5 19. Bxg5 fxg5 20. Rxe4 dxe4 21. Qxg5+ Kf7
22. Qg7+ Ke6 23. Ng5+ Kd5 24. Nf6+ Qxf6 25. Qxf6 Be6 26. Nxe6 Rxe6 27. Qf5+ Kd6
28. Qc5+ Kd7 29. Bg4 1-0

[Event "XXV OOM - Mistrzostwa Polski Juniorow Mlodszych - Dziewczeta do lat 14"]
[Site "Sielpia"]
[Date "1899-12-30"]
[Round "7.6"]
[White "Mroz, Lena"]
[Black "Krzyzosiak, Marta"]
[Result "1-0"]
[WhiteTitle "I++"]
[BlackTitle "I++"]
[WhiteElo "1573"]
[BlackElo "1626"]

1. e4 c5 2. Nf3 d6 3. d4 Nf6 4. Nc3 cxd4 5. Nxd4 a6 6. g3 e5 7. Nde2 Be7 8. Bg2
Nbd7 9. O-O O-O 10. a4 b6 11. h3 Bb7 12. Be3 Nc5 13. Bxc5 dxc5 14. Qc1 Qc7 15.
g4 h6 16. Ng3 Nh7 17. Qe3 Bg5 18. Qf3 Rfd8 19. Nd5 Bxd5 20. exd5 c4 21. Rfe1 Nf6
22. Rad1 Rac8 23. Nf5 e4 24. Qa3 Nxd5 25. Bxe4 Nf4 26. Qf3 g6 27. Ne3 b5 28. axb5
axb5 29. Nd5 Nxd5 30. Bxd5 Qf4 31. Qxf4 Bxf4 32. Re7 Rf8 33. Rb7 Rc5 34. Be4 Re5
35. Bf3 h5 36. gxh5 gxh5 37. Rd5 Rxd5 38. Bxd5 c3 39. bxc3 Bd2 40. Rxb5 Bxc3 41.
Be4 Kg7 42. Rxh5 Rh8 43. Rxh8 Kxh8 44. Kf1 Kg7 45. Ke2 Kf6 46. Kd3 Be1 47. Ke3
Bc3 48. Kd3 Be1 49. f3 Kg5 50. Bd5 f5 51. c4 Ba5 52. c5 Bc7 53. Kc4 Kf4 54. Kb5
Ke5 55. Kc6 Ba5 56. Bf7 Kf4 57. Bh5 Kg5 58. Be8 Kf4 59. Bh5 Kg5 60. Bf7 Kf4 61.
Bd5 Ke5 62. h4 Bd2 63. h5 Bg5 64. Bf7 Kf4 65. Kd7 Kxf3 66. c6 Bf4 67. c7 Bxc7
68. Kxc7 Kg2 69. h6 f4 70. h7 f3 71. Bd5 1-0